Countries With The Most Instagram Users - Statistics

General Stats
  • This quiz has been taken 40 times
  • The average score is 24 of 30
Answer Stats
Users % Country % Correct
188,3 mil 54.5 United States
100%
147,5 mil 69.1 Brazil
97%
392,5 mil 26.6 India
97%
33,8 mil 40.4 Germany
94%
86,4 mil 65.9 Mexico
94%
34,7 mil 51.1 United Kingdom
94%
29,2 mil 43.8 France
91%
55,6 mil 45.3 Japan
91%
63,9 mil 44.4 Russia
91%
29,5 mil 61.7 Spain
91%
19,7 mil 47.5 Canada
89%
14,3 mil 52.6 Australia
86%
90,2 mil 31.4 Indonesia
86%
35,4 mil 60.2 Italy
86%
24,2 mil 46.8 South Korea
86%
31,7 mil 68.9 Argentina
83%
18,6 mil 7.2 Pakistan
80%
19,1 mil 26.6 Thailand
77%
58,3 mil 67.5 Turkey
77%
19,4 mil 16.2 Egypt
74%
22,2 mil 18.6 Philippines
71%
12,6 mil 34.3 Ukraine
71%
12,2 mil 5.0 Nigeria
69%
13,4 mil 67.3 Chile
66%
22,8 mil 65.4 Peru
66%
36,1 mil 67.1 Colombia
63%
15,7 mil 43.2 Malaysia
63%
17,3 mil 45.6 Saudi Arabia
63%
12,5 mil 32.3 Morocco
57%
19,2 mil 40.3 Iraq
43%
No matching quizzes found
Score Distribution
Percent of People with Each Score
Percentile by Number Answered
Your Score History
You have not taken this quiz